|
|
|
|
| LEADER |
00000caa a22000002c 4500 |
| 001 |
1640220887 |
| 003 |
DE-627 |
| 005 |
20220608131418.0 |
| 007 |
tu |
| 008 |
160223s1990 xx ||||| 00| ||ger c |
| 035 |
|
|
|a (DE-627)1640220887
|
| 035 |
|
|
|a (DE-576)456087397
|
| 035 |
|
|
|a (DE-599)BSZ456087397
|
| 040 |
|
|
|a DE-627
|b ger
|c DE-627
|e rakwb
|
| 041 |
|
|
|a ger
|
| 100 |
1 |
|
|a Randzio-Plath, Christa
|4 aut
|
| 245 |
1 |
4 |
|a Das Elend ist überall. Abtreibung - eine alte und immer wieder neue Frauenfrage
|c Christa Randzio-Plath
|
| 264 |
|
1 |
|c 1990
|
| 336 |
|
|
|a Text
|b txt
|2 rdacontent
|
| 337 |
|
|
|a ohne Hilfsmittel zu benutzen
|b n
|2 rdamedia
|
| 338 |
|
|
|a Band
|b nc
|2 rdacarrier
|
| 773 |
0 |
8 |
|i In
|t Frankfurter Hefte
|d Frankfurt, M. : Neue Verl.-Ges. d. Frankfurter Hefte, 1946
|g 37(1990), 11, Seite 1019-1024
|w (DE-627)12907375X
|w (DE-600)2410-7
|w (DE-576)014406039
|x 0015-9999
|7 nnas
|
| 773 |
1 |
8 |
|g volume:37
|g year:1990
|g number:11
|g pages:1019-1024
|
| 935 |
|
|
|a mkri
|
| 951 |
|
|
|a AR
|
| ELC |
|
|
|b 1
|
| LOK |
|
|
|0 000 xxxxxcx a22 zn 4500
|
| LOK |
|
|
|0 001 3301673856
|
| LOK |
|
|
|0 003 DE-627
|
| LOK |
|
|
|0 004 1640220887
|
| LOK |
|
|
|0 005 20160223101415
|
| LOK |
|
|
|0 008 160208||||||||||||||||ger|||||||
|
| LOK |
|
|
|0 040
|a DE-21-110
|c DE-627
|d DE-21-110
|
| LOK |
|
|
|0 689
|a s
|a Internationaler Vergleich
|
| LOK |
|
|
|0 689
|a s
|a Abtreibungsdebatte
|
| LOK |
|
|
|0 689
|a s
|a Abtreibung
|
| LOK |
|
|
|0 852
|z Kein Bestand am IfK; Nachweis für KrimDok
|
| LOK |
|
|
|0 852
|a DE-21-110
|
| LOK |
|
|
|0 852 1
|m v
|9 00
|
| LOK |
|
|
|0 935
|a k110
|
| LOK |
|
|
|0 938
|k v
|
| LOK |
|
|
|0 939
|a 08-02-16
|b l01
|
| ORI |
|
|
|a SA-MARC-krimdoka001.raw
|